[Event "National I"]
[Site "Clermont-Ferrand FRA"]
[Date "2003.05.08"]
[Round "8"]
[White "Rainfray,A"]
[Black "Movsesian,S"]
[Result "0-1"]
[WhiteElo "2401"]
[BlackElo "2659"]

1.e4 c5 2.c3 Qa5 3.Nf3 Nc6 4.Bc4 d6 5.Qe2 Nf6 6.h3 e5 7.O-O Be7 8.Rd1 O-O
9.d4 cxd4 10.cxd4 exd4 11.Nxd4 Nxd4 12.Rxd4 Qe5 13.Be3 Nxe4 14.Rd5 Qf6 15.Bd4 Qg6
16.Bd3 f5 17.Nc3 Be6 18.Rb5 a6 19.Rb4 Nxc3 20.Bxc3 Rf7 21.Re1 Bd5 22.Rg4 Qh6
23.Bxf5 Bh4 24.Be6 Bxf2+ 25.Kh2 Bxe6 26.Qxe6 Qxe6 27.Rxe6 Rd8 28.Bf6 Rdf8
29.Bc3 Bc5 30.h4 Rd7 31.h5 d5 32.Bd4 Bxd4 33.Rxd4 Rf5 34.h6 Rh5+ 35.Kg3 gxh6
36.Rb6 Rg5+ 37.Kf2 Rg6 38.Rdb4 Rgg7 39.g4 d4 40.Ke2 d3+ 41.Kd2 h5 42.g5 Rgf7
43.g6 Rf2+ 44.Kd1 d2  0-1

[Event "Bosnia GM"]
[Site "Sarajevo BIH"]
[Date "2003.05.26"]
[Round "8"]
[White "Sokolov,I"]
[Black "Movsesian,S"]
[Result "1/2-1/2"]
[WhiteElo "2677"]
[BlackElo "2659"]

1.d4 Nf6 2.c4 c6 3.Nf3 d5 4.Nc3 a6 5.e3 b5 6.b3 Bg4 7.Be2 Nbd7 8.h3 Bf5 9.O-O e6
10.Bd3 Bb4 11.Bb2 O-O 12.Bxf5 exf5 13.cxd5 cxd5 14.Qd3 g6 15.Ne5 Qc7 16.a4 bxa4
17.Nxa4 Rfc8 18.Rfc1 Qd6 19.Rc2 Rxc2 20.Qxc2 a5 21.Qc6 Rb8 22.Rc1 Qxc6 23.Nxc6 Rb5
24.Nxb4 Rxb4 25.Nc5  1/2-1/2

[Event "TCh-BIH"]
[Site "Jahorina BIH"]
[Date "2003.06.21"]
[Round "1"]
[White "Saric,Ib"]
[Black "Movsesian,S"]
[Result "1/2-1/2"]
[WhiteElo "2413"]
[BlackElo "2659"]

1.d4 Nf6 2.Nf3 g6 3.g3 Bg7 4.Bg2 O-O 5.O-O d6 6.b3 a5 7.a3 a4 8.Bb2 axb3
9.cxb3 c6 10.Nbd2 Bf5 11.Nh4 d5 12.Nxf5 gxf5 13.Qc2 e6 14.Rae1 Nbd7 15.f3 Bh6
16.e4 f4 17.e5 Nh5 18.g4 Ng7 19.Re2 Bg5 20.Rb1 f6 21.b4 Nb6 22.Bf1 Qe7 23.Rg2 Na4
24.Ba1 fxe5 25.dxe5 Rfc8 26.Rc1 Ne8 27.Bd4 b6 28.Nb3 Rc7 29.Bf2 c5 30.Qd2 c4
31.Nd4 Ng7 32.Qe1 Qf7 33.Nb5 Rd7 34.h4 Be7 35.Bd4 Qf8 36.Be2 Rb7 37.Bd1 Nc5
38.Bc2 Nd7 39.h5 Bg5 40.Rh2 h6 41.Bb1 Qe7 42.Qf2 Ne8 43.Bb2 Nf8 44.Qd4 Qd8
45.Bc2 Rf7 46.Kg2 Rb8 47.Rhh1 Rbb7 48.Ra1  1/2-1/2

[Event "TCh-BIH"]
[Site "Jahorina BIH"]
[Date "2003.06.22"]
[Round "3"]
[White "Movsesian,S"]
[Black "Markovic,Miros"]
[Result "1-0"]
[WhiteElo "2659"]
[BlackElo "2504"]

1.e4 c5 2.Nf3 d6 3.d4 cxd4 4.Nxd4 Nf6 5.Nc3 Bd7 6.f3 a6 7.Be3 e6 8.Qd2 b5
9.O-O-O h5 10.Bd3 Be7 11.g3 Qc8 12.h3 e5 13.Nf5 Bxf5 14.exf5 d5 15.f4 d4
16.Qg2 Qc6 17.Ne4 dxe3 18.Nxf6+ Bxf6 19.Be4 Qc7 20.Bxa8 O-O 21.Qe4 Nd7 22.Qc6 Qxc6
23.Bxc6 Nb6 24.Rhe1 exf4 25.gxf4 Na4 26.c3 Rc8 27.Bd5 b4 28.Bb3 Nc5 29.Rxe3 bxc3
30.bxc3 Nxb3+ 31.axb3 Bxc3 32.Kb1 Bf6 33.Rd6 a5 34.Rd5 Ra8 35.Ka2 a4 36.b4 Rc8
37.Ka3 Rc4 38.b5 Bd4 39.Rxd4 Rxd4 40.b6  1-0

[Event "TCh-CRO"]
[Site "Rabac CRO"]
[Date "2003.09.11"]
[Round "5"]
[White "Hulak,K"]
[Black "Movsesian,S"]
[Result "0-1"]
[WhiteElo "2557"]
[BlackElo "2647"]

1.c4 e5 2.g3 Nc6 3.Bg2 f5 4.Nc3 Nf6 5.e3 g6 6.Nge2 Bg7 7.d3 d6 8.Qd2 O-O
9.O-O Be6 10.Nd5 Qd7 11.b3 Bxd5 12.cxd5 Ne7 13.e4 c6 14.dxc6 Nxc6 15.Bb2 d5
16.exf5 gxf5 17.f4 e4 18.dxe4 dxe4 19.Qxd7 Nxd7 20.Bxg7 Kxg7 21.Rad1 Rad8
22.g4 Nc5 23.gxf5 e3 24.Bxc6 bxc6 25.Kg2 Rde8 26.Rf3 Rxf5 27.Rg3+ Kf8 28.Rg1 Ne6
29.Kf3 Kf7 30.Rd1 Re7 31.Rg4 c5 32.Rg2 a5 33.h3 Rh5 34.Kg4 Rh6 35.Rd5 Ke8
36.h4 Rg6+ 37.Kf3 Nd4+ 38.Nxd4 Rxg2 39.Kxg2 cxd4 40.Kf1 Re4 41.f5 Rf4+ 42.Ke1 Rxh4
43.Rxa5 Kf7 44.Rd5 h5 45.a4 Rh1+ 46.Ke2 Rh2+ 47.Ke1 Rd2 48.a5 h4 49.a6 h3
50.a7 Ra2 51.Rxd4 h2 52.Rh4 Rxa7  0-1

[Event "TCh-CRO"]
[Site "Rabac CRO"]
[Date "2003.09.14"]
[Round "8"]
[White "Movsesian,S"]
[Black "Tkachiev,V"]
[Result "1/2-1/2"]
[WhiteElo "2647"]
[BlackElo "2654"]

1.e4 e5 2.Nf3 Nc6 3.d4 exd4 4.Nxd4 Bc5 5.Be3 Qf6 6.c3 Nge7 7.Bc4 Ne5 8.Be2 d6
9.O-O Qg6 10.f3 O-O 11.Kh1 d5 12.Nd2 dxe4 13.fxe4 Bg4 14.Bf4 Bxe2 15.Qxe2 Bd6
16.Bxe5  1/2-1/2

[Event "ECC"]
[Site "Rethymnon GRE"]
[Date "2003.09.29"]
[Round "2"]
[White "Movsesian,S"]
[Black "Galkin,A"]
[Result "1/2-1/2"]
[WhiteElo "2647"]
[BlackElo "2607"]

1.e4 c6 2.d4 d5 3.Nc3 dxe4 4.Nxe4 Nd7 5.Ng5 Ngf6 6.Bc4 e6 7.Qe2 Nb6 8.Bd3 h6
9.N5f3 c5 10.Be3 Qc7 11.Ne5 Bd6 12.Ngf3 Nbd5 13.Bb5+ Ke7 14.O-O a6 15.Bd3 b5
16.c3 Bb7 17.Bd2 cxd4 18.cxd4 Bb4 19.a4 Bxd2 20.Qxd2 Qb6 21.Rfe1 Rhd8 22.Bf1 Kf8
23.h3 Kg8 24.axb5 axb5 25.Rac1 Rac8 26.Rxc8 Rxc8 27.Rc1 Ra8 28.Qc2 b4 29.Qb3  1/2-1/2

[Event "ECC"]
[Site "Rethymnon GRE"]
[Date "2003.10.02"]
[Round "5"]
[White "Movsesian,S"]
[Black "Hracek,Z"]
[Result "0-1"]
[WhiteElo "2647"]
[BlackElo "2584"]

1.e4 c5 2.Nf3 d6 3.Nc3 Nf6 4.d4 cxd4 5.Nxd4 a6 6.Be3 e5 7.Nb3 Be6 8.f3 Be7
9.Qd2 O-O 10.O-O-O Qc7 11.g4 Rc8 12.g5 Nh5 13.Kb1 Nd7 14.Qf2 Qd8 15.h4 Rxc3
16.bxc3 Qc7 17.c4 Rc8 18.Rh2 g6 19.Qd2 Bxc4 20.Bxc4 Qxc4 21.Qd5 Qc7 22.c4 Nb6
23.Bxb6 Qxb6 24.Rb2 Nf4 25.Qd2 Qc7 26.Nc1 Qxc4 27.Rxb7 Bf8 28.Nd3 Qc6 29.Rb2 Qa4
30.Rb4 Qe8 31.Rb2 Qa4 32.Rc1 Rxc1+ 33.Nxc1 Qc4 34.Ne2 h5 35.Qc2 Qe6 36.Nxf4 exf4
37.Rb8 Qh3 38.Qf2 Qg3 39.Rb2 Bg7 40.Qxg3 fxg3 41.Rg2 Be5 42.Kc2 f6 43.gxf6 g5
44.hxg5 h4 45.Rg1 h3 46.Rb1 Bxf6 47.gxf6 h2  0-1

[Event "TCh-CZE Extraliga 2003-4"]
[Site "Czech Rep CZE"]
[Date "2003.12.06"]
[Round "3"]
[White "Meduna,E"]
[Black "Movsesian,S"]
[Result "1-0"]
[WhiteElo "2432"]
[BlackElo "2645"]

1.d4 Nf6 2.Nf3 g6 3.Bg5 Bg7 4.Nbd2 O-O 5.e4 d5 6.Bd3 c5 7.e5 c4 8.Be2 Ne4
9.Nxe4 dxe4 10.Nd2 Qxd4 11.Nxc4 Qc5 12.O-O b5 13.Be3 Qc7 14.Nd2 Bb7 15.e6 f5
16.f4 Bxb2 17.Rb1 Qc3 18.Kh1 Rd8 19.Nxe4 Rxd1 20.Nxc3 Rxf1+ 21.Bxf1 Bxc3
22.Rxb5 Ba6 23.Rc5 Bb4 24.Rd5 Bxf1 25.Rd8+ Kg7 26.Bd4+ Kh6 27.Rg8 Bd6 28.Bg7+ Kh5
29.Rh8 g5  1-0

[Event "It"]
[Site "Bermuda BER"]
[Date "2004.01.15"]
[Round "1"]
[White "Movsesian,S"]
[Black "Gelfand,B"]
[Result "1/2-1/2"]
[WhiteElo "2639"]
[BlackElo "2709"]

1.e4 c5 2.Nf3 d6 3.d4 cxd4 4.Nxd4 Nf6 5.Nc3 a6 6.Be3 e6 7.Be2 Qc7 8.a4 b6
9.f4 Bb7 10.Bf3 Nbd7 11.f5 exf5 12.exf5 d5 13.O-O Bd6 14.g3 O-O 15.Bg2 Rfe8
16.Bg5 h6 17.Bxf6 Nxf6 18.Qd2 h5 19.Nce2 h4 20.Nf4 hxg3 21.hxg3 Re5 22.c3 Rae8
23.Rae1 Rxe1 24.Rxe1 Rxe1+ 25.Qxe1 Bxf4 26.gxf4 Qxf4 27.Qe7 Bc8 28.Qd8+ Kh7
29.Qxc8 Qe3+ 30.Kh1 Ng4 31.Qxa6 Qh6+ 32.Kg1 Qe3+  1/2-1/2

[Event "It"]
[Site "Bermuda BER"]
[Date "2004.01.17"]
[Round "3"]
[White "Movsesian,S"]
[Black "Macieja,B"]
[Result "1/2-1/2"]
[WhiteElo "2639"]
[BlackElo "2653"]

1.e4 c5 2.Nf3 g6 3.d4 cxd4 4.Nxd4 Nc6 5.Nc3 Bg7 6.Be3 Nf6 7.Bc4 d6 8.f3 Qb6
9.Bb5 Qc7 10.Nd5 Nxd5 11.exd5 a6 12.Bxc6+ bxc6 13.Nxc6 Bb7 14.Bd4 Bxd4 15.Qxd4 O-O
16.O-O-O Bxc6 17.dxc6 Qxc6 18.Rhe1 Rfc8 19.Rd2 Rc7 20.Re3 Qb5 21.Qd5 Rac8
22.Qxb5 axb5 23.a3 Kf8 24.c3 Rc5 25.Kc2  1/2-1/2

[Event "It"]
[Site "Bermuda BER"]
[Date "2004.01.23"]
[Round "8"]
[White "Macieja,B"]
[Black "Movsesian,S"]
[Result "0-1"]
[WhiteElo "2653"]
[BlackElo "2639"]

1.e4 c5 2.Nf3 d6 3.d4 cxd4 4.Nxd4 Nf6 5.Nc3 e6 6.g4 h6 7.h4 Nc6 8.Rg1 d5
9.exd5 Nxd5 10.Nxd5 exd5 11.Be3 Be7 12.g5 hxg5 13.hxg5 Rh4 14.Bb5 Bd7 15.Bxc6 bxc6
16.g6 Bf6 17.gxf7+ Kxf7 18.Qd3 Qa5+ 19.c3 Rb8 20.b4 Qa3 21.Kd2 Bxd4 22.Bxd4 Qb2+
23.Qc2 Rxd4+ 24.cxd4 Qxd4+ 25.Qd3 Qb2+ 26.Qc2 Qxb4+ 27.Qc3 Qf4+ 28.Ke1 Re8+
29.Kf1 Qc4+ 30.Qxc4 Bh3+ 31.Rg2 dxc4 32.Kg1 Bxg2 33.Kxg2 Re5 34.Rc1 Rc5 35.Kf3 Ke6
36.Ke4 Kd6 37.Kd4 c3 38.Rc2 g5 39.f3 a5 40.a4 Rf5 41.Rxc3 Rf4+ 42.Ke3 Rxa4
43.Rc1 Rb4 44.Rg1 Rb5 45.Rg4 Rf5 46.Ra4 Kc7 47.Ra1 Kb6 48.Rb1+ Rb5 49.Ra1 Rb3+
50.Ke2 Rb4 51.Rg1 Rb5 52.Ra1 Rd5 53.Ke3 c5 54.Rb1+ Kc6 55.Rc1 a4 56.Ra1 Kb5
57.Ke4 Rd4+ 58.Ke3 Rb4 59.Kd2 Rb2+  0-1

[Event "It"]
[Site "Bermuda BER"]
[Date "2004.01.25"]
[Round "10"]
[White "Movsesian,S"]
[Black "Iordachescu,V"]
[Result "1/2-1/2"]
[WhiteElo "2639"]
[BlackElo "2634"]

1.e4 e5 2.Nf3 Nf6 3.Nxe5 d6 4.Nf3 Nxe4 5.d4 d5 6.Bd3 Nc6 7.O-O Be7 8.c4 Nb4
9.Be2 O-O 10.Nc3 Be6 11.Be3 Bf5 12.Rc1 dxc4 13.Bxc4 c6 14.Ne5 Nxc3 15.bxc3 Nd5
16.Qf3 Be6 17.Bd3 g6 18.Bh6 Bg5 19.Bxg5 Qxg5 20.g3  1/2-1/2

[Event "TCh-CZE Extraliga 2003-4"]
[Site "Czech Rep CZE"]
[Date "2004.03.20"]
[Round "8"]
[White "Mista,A"]
[Black "Movsesian,S"]
[Result "0-1"]
[WhiteElo "2521"]
[BlackElo "2639"]

1.e4 c5 2.Nf3 d6 3.d4 cxd4 4.Nxd4 Nf6 5.Nc3 a6 6.Be2 e6 7.f4 Be7 8.Be3 Qc7
9.O-O O-O 10.g4 d5 11.exd5 Nxd5 12.Nxd5 exd5 13.Bf3 Rd8 14.Qd2 Nc6 15.Rad1 Bd7
16.Qg2 Bf6 17.f5 Re8 18.Bf2 Nxd4 19.Bxd4 Bb5 20.Bxf6 Bxf1 21.Rxf1 gxf6 22.Bxd5 Re7
23.Kh1 Kh8 24.g5 Rg8 25.g6 hxg6 26.Qf3 g5 27.Rg1 Rg7 28.c4 Rh7 29.Rg3 Re1+
30.Kg2 Qb6  0-1

[Event "TCh-CZE Extraliga 2003-4"]
[Site "Czech Rep CZE"]
[Date "2004.04.03"]
[Round "10"]
[White "Movsesian,S"]
[Black "Haba,P"]
[Result "1/2-1/2"]
[WhiteElo "2639"]
[BlackElo "2524"]

1.e4 e5 2.Nf3 Nf6 3.d4 Nxe4 4.Bd3 d5 5.Nxe5 Nd7 6.Nc3 Nxe5 7.dxe5 Nxc3 8.bxc3 Bc5
9.Qh5 Be6 10.Rb1 Qd7 11.Bg5 h6 12.O-O Rg8 13.Bd2 O-O-O 14.Kh1 Rde8 15.Qf3 Bg4
16.Qg3 h5 17.Rb5 Bb6 18.h3 Bf5 19.a4 Bxd3 20.cxd3 a6 21.Rb4 Qf5 22.Rf4 Qxe5
23.Re1 Qxe1+ 24.Bxe1 Rxe1+ 25.Kh2 Re7 26.Qf3 Rf8 27.Qxh5 Rd7 28.Qg4 g6 29.g3 c6
30.Rf6 Bc7 31.c4 Be5 32.Rf3 d4 33.Kg2 Kc7 34.h4 Rh8 35.Qg5 Rh5 36.Qd2 f6
37.Qa5+ Kc8 38.Qc5 Rh8 39.Kf1 Kc7 40.a5 Kb8 41.Kg2 Kc7 42.Kh3 Kb8 43.Kg2 Kc7
44.Kg1 Rdh7 45.Kf1 Re8 46.Qb6+ Kc8 47.Kg2 Reh8 48.Qb4 Kc7 49.Qe1 Kd6 50.Qe4 f5
51.Qe1 Ke6 52.Qb4 Kf6 53.Qc5 Re8 54.Qb6 Reh8 55.Qb4 Re7 56.g4 Rxh4 57.g5+ Ke6
58.Rh3 Rxh3 59.Kxh3 Kf7 60.Kg2 Bg7 61.Qd6 Re6 62.Qb8 Re7 63.Kf1 Bf8 64.Qc8 Bg7
65.Qd8 Re8 66.Qb6 Re7 67.f4 Bh8 68.Qa7 Bg7 69.Qb8 Bf8 70.Qd8 Bg7 71.Qb6 Bh8
72.c5 Bg7 73.Qb3+ Kf8 74.Kf2 Bh8 75.Qb6 Bg7 76.Qd8+ Kf7 77.Kf1 Re8  1/2-1/2

[Event "TCh-CZE Extraliga 2003-4"]
[Site "Czech Rep CZE"]
[Date "2004.04.04"]
[Round "11"]
[White "Babula,V"]
[Black "Movsesian,S"]
[Result "1/2-1/2"]
[WhiteElo "2594"]
[BlackElo "2639"]

1.d4 d5 2.c4 c6 3.Nf3 Nf6 4.Nc3 a6 5.c5 Bf5 6.Bf4 Nbd7 7.e3 e6 8.Be2 Be7
9.Nd2 h6 10.O-O O-O 11.b4 Re8  1/2-1/2

[Event "TCh-BIH"]
[Site "Neum BIH"]
[Date "2004.05.29"]
[Round "1"]
[White "Drasko,M"]
[Black "Movsesian,S"]
[Result "1-0"]
[WhiteElo "2464"]
[BlackElo "2647"]

1.d4 Nf6 2.c4 g6 3.Nf3 Bg7 4.g3 O-O 5.Bg2 d6 6.O-O Nbd7 7.Qc2 e5 8.Rd1 Qe7
9.Nc3 c6 10.b3 Re8 11.e4 exd4 12.Nxd4 Nc5 13.f3 Bd7 14.Rb1 Rad8 15.Be3 Bc8
16.Bf2 h5 17.h3 Nh7 18.b4 Ne6 19.Nxe6 Bxe6 20.Bxa7 Bxc4 21.Bd4 Bh6 22.b5 c5
23.Bf2 h4 24.g4 Bf4 25.Bf1 Be6 26.Ne2 Bh6 27.f4 Bc8 28.e5 b6 29.exd6 Rxd6
30.Bxh4 Qe6 31.Rxd6 Qxd6 32.Rd1 Qe6 33.Bg2 Nf8 34.Bf3 Qe3+ 35.Kg2 Ne6 36.Qd2 Nxf4+
37.Nxf4 Qxd2+ 38.Rxd2 Bxf4 39.Rd8 Rxd8 40.Bxd8 c4 41.Bxb6 c3 42.Bd1 Bb7+
43.Kf2 Be4 44.Be3 g5 45.Bxf4 gxf4 46.b6 Kf8 47.Bc2 Bb7 48.h4 f6 49.a4 Kg7
50.a5 Kh6 51.Ke2 f3+ 52.Ke3 Kg7 53.Bd3 f5 54.gxf5 Kf6 55.a6 c2 56.Kd2  1-0

[Event "TCh-BIH"]
[Site "Neum BIH"]
[Date "2004.05.30"]
[Round "2"]
[White "Movsesian,S"]
[Black "Palac,M"]
[Result "1/2-1/2"]
[WhiteElo "2647"]
[BlackElo "2565"]

1.e4 c5 2.Nf3 d6 3.d4 cxd4 4.Nxd4 Nf6 5.Nc3 a6 6.Be3 e5 7.Nb3 Be6 8.f4 exf4
9.Bxf4 Nc6 10.Qe2 Be7 11.h3 Nd7 12.O-O-O Nce5 13.Kb1 Rc8 14.Nd5 Bxd5 15.exd5 O-O
16.g4 Bg5 17.Bxe5 Re8 18.h4 Rxe5 19.Qg2 Be3 20.g5 Nc5 21.Qf3 Nxb3 22.axb3 Qe7
23.Bd3 Re8 24.Rdf1 b5 25.Qh5 g6 26.Qf3 Bd4 27.Qg4 Rxd5 28.h5 Bg7 29.hxg6 hxg6
30.Qh3 Qe6 31.Qh7+ Kf8 32.Bxg6 Re7 33.Bd3  1/2-1/2

[Event "TCh-CRO"]
[Site "Rabac CRO"]
[Date "2004.09.06"]
[Round "2"]
[White "Gyimesi,Z"]
[Black "Movsesian,S"]
[Result "1/2-1/2"]
[WhiteElo "2618"]
[BlackElo "2646"]

1.d4 d5 2.c4 c6 3.Nf3 Nf6 4.Nc3 a6 5.e3 b5 6.b3 Bg4 7.Be2 Nbd7 8.O-O e6 9.h3 Bh5
10.Bb2 Bd6 11.Ne5 Bxe2 12.Nxe2 Qc7 13.cxd5 cxd5 14.Rc1 Qb8 15.Nxd7 Nxd7 16.e4 dxe4
17.d5 O-O 18.dxe6 Nc5 19.Nf4 Ra7 20.Bd4 Bxf4 21.Bxc5 Bxc1 22.Bxa7 Qxa7 23.exf7+ Rxf7
24.Qxc1 Qc7 25.Qb2 Rd7 26.Qe2 Qf4 27.Rd1 Rxd1+ 28.Qxd1 h6 29.Kf1 Qe5 30.Ke2 Qh5+
31.g4 Qc5 32.Qd2 Kh7 33.b4 Qc4+ 34.Ke3 Qf1 35.Kxe4 Qxh3 36.Qf4 Qa3  1/2-1/2

[Event "TCh-CRO"]
[Site "Rabac CRO"]
[Date "2004.09.08"]
[Round "4"]
[White "Hulak,K"]
[Black "Movsesian,S"]
[Result "1/2-1/2"]
[WhiteElo "2546"]
[BlackElo "2646"]

1.d4 e6 2.Nf3 c5 3.e3 Nf6 4.Bd3 d5 5.b3 Be7 6.O-O O-O 7.Nbd2 b6 8.Ne5 Bb7
9.Bb2 Nc6 10.a3 Qc7  1/2-1/2

[Event "TCh-CRO"]
[Site "Rabac CRO"]
[Date "2004.09.10"]
[Round "6"]
[White "Palac,M"]
[Black "Movsesian,S"]
[Result "1/2-1/2"]
[WhiteElo "2549"]
[BlackElo "2646"]

1.e4 c5 2.Nf3 e6 3.d4 cxd4 4.Nxd4 Nf6 5.Nc3 d6 6.Be2 Be7 7.O-O O-O 8.Be3 Nc6
9.f4 a6 10.a4 Qc7 11.Kh1 Re8 12.Bf3 Nxd4 13.Qxd4 e5 14.Qd2  1/2-1/2

[Event "36th Olympiad"]
[Site "Calvia ESP"]
[Date "2004.10.18"]
[Round "4"]
[White "Movsesian,S"]
[Black "Svetushkin,D"]
[Result "1-0"]
[WhiteElo "2629"]
[BlackElo "2568"]

1.e4 c6 2.d4 d5 3.e5 c5 4.dxc5 Nc6 5.Bb5 e6 6.Be3 Ne7 7.c3 Bd7 8.Bxc6 Bxc6
9.Nf3 Nf5 10.Bd4 Nxd4 11.Qxd4 Qa5 12.b4 Qa6 13.a4 b6 14.Qf4 d4 15.Ng5 Qb7
16.b5 Bxg2 17.c6 Qc7 18.Rg1 Bd5 19.cxd4 f6 20.Nh3 fxe5 21.Qxe5 Bb4+ 22.Nd2 Qxe5+
23.dxe5 Bc3 24.Ra3 Bxe5 25.Re3 Bd4 26.Rd3 Bf6 27.Nf4 O-O-O 28.Kd1 Rhf8 29.Kc2 Rf7
30.Re1 Bg5 31.Nxd5 exd5 32.f3 Rf4 33.Re5 Bf6 34.Rexd5 Rxd5 35.Rxd5 Rxa4 36.Kb3 Rd4
37.Rxd4 Bxd4 38.Kc4 Bg1 39.h3 Kc7 40.Kd5 a6 41.bxa6 b5 42.Nb3 b4 43.Nc5  1-0

[Event "Extraliga CZE 2004-5"]
[Site "Czech Rep CZE"]
[Date "2004.11.07"]
[Round "2"]
[White "Haba,P"]
[Black "Movsesian,S"]
[Result "1/2-1/2"]
[WhiteElo "2520"]
[BlackElo "2629"]

1.d4 d5 2.c4 c6 3.Nf3 Nf6 4.Nc3 a6 5.e3 b5 6.b3 Bg4 7.Be2 Nbd7 8.O-O e6 9.h3 Bh5
10.Bb2 Bd6 11.Ne5 Bxe2 12.Nxe2 bxc4 13.bxc4 O-O 14.Rc1 Qb8 15.Nxd7 Nxd7 16.Rb1 Qc7
17.c5 Be7 18.Bc3 Rfb8 19.Qd3 Rb5 20.a4 Rxb1 21.Rxb1 Rb8 22.Nc1 Rxb1 23.Qxb1 Bd8
24.Nb3 Qb7 25.Qc2 g6  1/2-1/2

[Event "Extraliga CZE 2004-5"]
[Site "Czech Rep CZE"]
[Date "2004.12.04"]
[Round "3"]
[White "Lechtynsky,J"]
[Black "Movsesian,S"]
[Result "1/2-1/2"]
[WhiteElo "2476"]
[BlackElo "2629"]

1.d4 Nf6 2.Nf3 c5 3.d5 e6 4.Nc3 exd5 5.Nxd5 Nxd5 6.Qxd5 Be7 7.e4 O-O 8.Bc4 Nc6
9.c3 d6 10.Qh5 Be6 11.Bxe6 fxe6 12.Qg4 Qd7 13.O-O Rad8 14.Be3 Bf6 15.Rad1 Qe7
16.Rfe1 b5 17.h3 Kh8 18.Bf4 h6 19.Re2 Rd7 20.Red2  1/2-1/2

[Event "Amplico AIG Life"]
[Site "Warsaw POL"]
[Date "2004.12.18"]
[Round "6"]
[White "Sergeev,Vl"]
[Black "Movsesian,S"]
[Result "1/2-1/2"]
[WhiteElo "2431"]
[BlackElo "2629"]

1.d4 Nf6 2.c4 e6 3.Nf3 d5 4.Nc3 c6 5.cxd5 exd5 6.Bg5 Be7 7.Qc2 Nbd7 8.e3 Nf8
9.Bd3 Ne6 10.Bh4 g6 11.O-O Ng7 12.Bxf6 Bxf6 13.b4 a6 14.a4 O-O 15.b5 axb5
16.axb5 Bf5 17.bxc6  1/2-1/2

[Event "Amplico AIG Life Final"]
[Site "Warsaw POL"]
[Date "2004.12.19"]
[Round "1"]
[White "Movsesian,S"]
[Black "Socko,B"]
[Result "1-0"]
[WhiteElo "2629"]
[BlackElo "2570"]

1.e4 e6 2.d4 d5 3.e5 c5 4.c3 Qb6 5.Nf3 Nc6 6.Be2 f6 7.O-O Bd7 8.Re1 fxe5
9.Nxe5 Nxe5 10.dxe5 g6 11.c4 d4 12.Nd2 Bg7 13.Nf3 Nh6 14.Bf4 O-O 15.Qd2 Nf7
16.h4 Rad8 17.h5 gxh5 18.Bd3 Bc6 19.Nh4 Nh8 20.Bg5 Rd7 21.Qe2 Qc7 22.Qxh5 Bxe5
23.Bh6 Bh2+ 24.Kh1 Rfd8 25.Rxe6 Bd6 26.Qg5+ Ng6 27.Nxg6  1-0

[Event "Amplico AIG Life Final"]
[Site "Warsaw POL"]
[Date "2004.12.19"]
[Round "2"]
[White "Socko,B"]
[Black "Movsesian,S"]
[Result "1/2-1/2"]
[WhiteElo "2570"]
[BlackElo "2629"]

1.e4 c5 2.Nf3 Nc6 3.d4 cxd4 4.Nxd4 Qc7 5.Nc3 e6 6.Be3 a6 7.a3 b5 8.Nxc6 Qxc6
9.Be2 Bb7 10.Bf3 Qc7 11.O-O d6 12.Qd4 Nf6 13.Rfd1 Be7 14.a4 b4 15.Na2 a5
16.c3 e5 17.Qd3 Ba6 18.Qd2 b3 19.Nc1 Bc4 20.Bg5 O-O 21.Bxf6 Bxf6 22.Be2 Be6
23.Qxd6 Qb7 24.Qd2 Rad8 25.Nd3 Qxe4 26.Qe3 Qf5 27.Nc5 Bg5 28.Qf3 Rxd1+ 29.Bxd1 Qxf3
30.gxf3 Rb8 31.Nxe6 fxe6 32.Be2 Rd8 33.Bc4 Rd2 34.Rb1 Kf7 35.Bxb3 Bh4 36.Bc4 Bxf2+
37.Kf1 Bb6 38.Be2 Kf6 39.Ke1 Be3 40.b4 Ra2 41.b5 Bb6 42.Rd1 Ke7 43.Bd3 Rxa4
44.Be4 Rc4 45.Bc6 Rxc3 46.Rd7+ Kf6 47.Rb7 Bd4 48.Rb8 Rb3 49.Ra8 Rb2 50.h3 Kg5
51.Kd1 Kf4 52.Kc1 Kg3 53.Rxa5 Rb4 54.Ra8 Kxh3 55.Rg8 h5 56.Rxg7 e4 57.Rh7 exf3
58.Bxf3 Rxb5 59.Rxh5+  1/2-1/2

[Event "Amplico AIG Life Gp4"]
[Site "Warsaw POL"]
[Date "2004.12.19"]
[Round "2"]
[White "Movsesian,S"]
[Black "Georgiev,Ki"]
[Result "1-0"]
[WhiteElo "2629"]
[BlackElo "2625"]

1.e4 e5 2.Nf3 Nc6 3.Bb5 Nf6 4.O-O Nxe4 5.d4 Nd6 6.dxe5 Nxb5 7.a4 Nbd4 8.Nxd4 Nxd4
9.Qxd4 d5 10.Nc3 Be6 11.f4 Qd7 12.Qf2 g6 13.Be3 Be7 14.a5 a6 15.Bc5 O-O 16.Rad1 Rad8
17.Ne4 dxe4 18.Rxd7 Bxc5 19.Qxc5 Rxd7 20.h3 h5 21.Re1 Bf5 22.Kf2 h4 23.Re2 Rfd8
24.Qc3 c6 25.Qb4 Kg7 26.Ke3 f6 27.exf6+ Kxf6 28.Qe1 Rh7 29.Qc3+ Kf7 30.Rd2 Rxd2
31.Qxd2 Ke8 32.Qd6 Re7 33.Qb8+ Kf7 34.Qh8 Rd7 35.Qxh4 Kg7 36.g4 Be6 37.Qg5 Bf7
38.Qe5+ Kg8 39.h4 Rd1 40.Qb8+ Kg7 41.Kxe4 Re1+ 42.Kd3 Re7 43.Qd6 Re1 44.Qb4 Rd1+
45.Kc3 Rd7 46.Qe4 Rd5 47.Qe7 Rxa5 48.Qxb7 Rc5+ 49.Kd2 a5 50.Qe7 Rd5+ 51.Kc1 c5
52.f5 gxf5 53.g5 Rd4 54.Qf6+ Kg8 55.g6 Bd5 56.h5  1-0

[Event "Extraliga CZE 2004-5"]
[Site "Czech Rep CZE"]
[Date "2005.02.19"]
[Round "6"]
[White "Movsesian,S"]
[Black "Meduna,E"]
[Result "1-0"]
[WhiteElo "2624"]
[BlackElo "2435"]

1.e4 c6 2.d4 d5 3.e5 Bf5 4.Be3 e6 5.Nd2 Ne7 6.c3 Bg6 7.f4 Nf5 8.Bf2 h5 9.Ngf3 Be7
10.Be2 Nd7 11.b4 a5 12.a3 a4 13.c4 dxc4 14.Nxc4 O-O 15.O-O h4 16.Bd3 Nh6
17.Bxg6 fxg6 18.Qd3 Rxf4 19.Be3 Rf5 20.Bxh6 gxh6 21.Ne3 Nb6 22.Nxf5 gxf5
23.g4 hxg3 24.hxg3 Qf8 25.Kf2 Nd5 26.Rh1 Qg7 27.Rag1 Kf7 28.Rh5 Qg6 29.Rgh1 Rg8
30.R1h3 Bf8 31.Ne1 Bg7 32.Qf3 Rd8 33.Ng2 Kg8 34.R5h4 Qf7 35.Nf4 Nxf4 36.Rxf4 Qd7
37.Rh1 Kh7 38.Kg2 Qd5 39.Qxd5 Rxd5 40.g4 fxg4 41.Rxg4 Rd7 42.Rf1 Kg8 43.Rff4 Kh7
44.Kh3 b6 45.Kh4 c5 46.bxc5 bxc5 47.dxc5 Bxe5 48.Rxa4 Bf6+ 49.Kh3 h5 50.Rg3 Rd2
51.Rc4 Be5 52.c6 Bc7 53.Rcc3  1-0

[Event "3rd ch-GER Internet Blitz GpA"]
[Site "playchess INT"]
[Date "2005.04.03"]
[Round "1.1"]
[White "Movsesian,S"]
[Black "Gramlich,S"]
[Result "1-0"]
[WhiteElo "2624"]
[BlackElo "2064"]

1.e4 d5 2.exd5 Nf6 3.Bb5+ Nbd7 4.c4 a6 5.Bxd7+ Qxd7 6.Nf3 c6 7.dxc6 Qxc6
8.d3 Bg4 9.h3 Bh5 10.Be3 O-O-O 11.Qe2 Bxf3 12.gxf3 e5 13.Nc3 Bb4 14.O-O-O Bxc3
15.bxc3 Nd7 16.Rhg1 g6 17.Rd2 f6 18.Kb1 Rhe8 19.Ka1 Qa4 20.Rb2 Nb8 21.Rgb1 Rd7
22.Rb4 Qa5 23.Bb6 Qa3 24.Qc2 Nc6 25.Bc5 e4 26.d4 exf3 27.Rxb7 Re2 28.Qxe2 fxe2
29.Bxa3 Rxb7 30.Re1 Na5 31.Rxe2 Nxc4 32.Bc5 Rd7 33.Kb1 Kb7 34.Kc2 Kc6 35.Re6+ Kb5
36.Rxf6 a5 37.Rf8 Kc6 38.f4 Kd5 39.Rb8 Ke4 40.Kb3 Nd2+ 41.Ka4 Kxf4 42.Kxa5 Ne4
43.Bb4 Kg3 44.Kb6 Kxh3 45.a4 g5 46.a5 g4 47.a6 g3 48.Rg8 Nf6 49.Rg5 Ng4 50.Rh5+ Kg2
51.a7 Rxa7 52.Kxa7 Kf2 53.d5 g2 54.Bc5+ Ne3 55.Rg5  1-0

[Event "3rd ch-GER Internet Blitz GpA"]
[Site "playchess INT"]
[Date "2005.04.03"]
[Round "1.4"]
[White "Gramlich,S"]
[Black "Movsesian,S"]
[Result "1-0"]
[WhiteElo "2064"]
[BlackElo "2624"]

1.d4 Nf6 2.Nc3 d5 3.e4 dxe4 4.f3 e3 5.Bd3 g6 6.Bxe3 Bg7 7.Qd2 c6 8.Nge2 O-O
9.O-O-O b5 10.Bh6 b4 11.Ne4 a5 12.h4 Nbd7 13.h5 Ba6 14.hxg6 fxg6 15.Bxg7 Kxg7
16.Qh6+ Kf7 17.Ng5+ Ke8 18.Ne6 Qb6 19.Bxa6 Rxa6 20.Nxf8 Nxf8 21.Nf4 a4 22.Rhe1 Qc7
23.Qxf8+  1-0

[Event "3rd ch-GER Internet Blitz KO"]
[Site "playchess INT"]
[Date "2005.04.03"]
[Round "2.4"]
[White "Fridman,D2"]
[Black "Movsesian,S"]
[Result "1-0"]
[WhiteElo "2569"]
[BlackElo "2624"]

1.d4 c5 2.c3 Nf6 3.Nf3 e6 4.Bf4 b6 5.e3 Bb7 6.Nbd2 d6 7.Bd3 Be7 8.O-O O-O
9.h3 Nc6 10.Qe2 Qc7 11.Ba6 Rad8 12.Bxb7 Qxb7 13.Bg5 h6 14.Bxf6 Bxf6 15.Rad1 Rfe8
16.Rfe1 d5 17.Qb5 a6 18.Qb3 c4 19.Qc2 b5 20.a3 a5 21.e4 b4 22.axb4 axb4 23.exd5 exd5
24.Nf1 b3 25.Qf5 Ne7 26.Qh5 Ng6 27.g3 Rxe1 28.Rxe1 Qa8 29.Ne3 Be7 30.Kg2 Bf8
31.Nf5 Qa2 32.Re2 Qb1 33.Ne3 Qd3 34.Re1 Ra8 35.Qxd5 Ra2 36.Qxc4 Qe4 37.Qxb3 Ra6
38.Qd5 Qe8 39.Nf5 Qb8 40.b4 Rf6 41.Qd7 Qa8 42.Re8 Qa2 43.Ne7+ Kh7 44.Nd5 Nh4+
45.gxh4 Rg6+ 46.Ng5+ hxg5 47.h5 Rd6 48.Qf5+ g6 49.Qxf7+ Bg7 50.Nf6+  1-0

[Event "3rd ch-GER Internet Blitz GpA"]
[Site "playchess INT"]
[Date "2005.04.03"]
[Round "2.1"]
[White "Movsesian,S"]
[Black "Krivoshey,S"]
[Result "1/2-1/2"]
[WhiteElo "2624"]
[BlackElo "2487"]

1.e4 d5 2.exd5 Nf6 3.Bb5+ Bd7 4.Be2 Nxd5 5.d4 Bf5 6.Nf3 e6 7.O-O Be7 8.c4 Nb4
9.Na3 Nd7 10.Be3 O-O 11.Qb3 a5 12.Rfd1 c6 13.c5 Nf6 14.Ne5 Nfd5 15.Rac1 f6
16.Nd3 a4 17.Qc4 b5 18.cxb6 Nxb6 19.Qc3 Nxa2 20.Qxc6 Nxc1 21.Nxc1 Rc8 22.Qb7 Qc7
23.Qa6 Ra8 24.Qb5 Be4 25.Nc4 Rfb8 26.Nxb6 Rxb6 27.Qh5 Rxb2 28.Nd3 Rbb8 29.Nc5 Bxc5
30.dxc5 a3 31.Bc4 Bd5 32.Bd3 g6 33.Qh4 Qf7 34.Bd4 e5 35.Ba1 a2 36.f4 Bc4
37.Be4 Rd8 38.Re1 Bd5 39.fxe5 Bxe4 40.Qxe4 f5 41.Qc2 Qe6 42.h3 Rab8 43.Kh2 Rdc8
44.Rc1 Rc6 45.Qd3 Rbc8 46.Qd4 h5 47.Rc2 Kh7 48.Qd2 Ra8 49.Rb2 Ra7 50.Rb8 Rd7
51.Qa5 Rdc7 52.Qa8 Rc8 53.Rb7+ R8c7 54.Rb8 Rc8 55.Rb7+ R8c7 56.Rb8  1/2-1/2